Score 0/23 Timer 05:00
1 Play Today
Statement (Y)es or (N)o? % Correct
Augustus was emperor during the Great Fire of Rome.???
75.1%
Augustus was born before the death of Julius Caesar.???
73.9%
Augustus was assassinated.???
71.9%
Augustus had an affair with Cleopatra.???
71.5%
Augustus reigned for 40 years.???
67.8%
Augustus was the victor of the Battle of Actium.???
67.4%
Augustus was the first emperor of the Julio-Claudian Dynasty.???
67.1%
Augustus was Julius Caesar's adopted son.???
66.2%
Augustus was the first Roman Emperor.???
66%
Augustus's rule began the Pax Romana.???
65.2%
Under Augustus's rule, the Roman Empire reached its largest size.???
65.2%
Augustus's heir to the empire was Caligula.???
65%
Statement (Y)es or (N)o? % Correct
Augustus was a member of the First Triumvirate.???
62.6%
Augustus killed Mark Antony.???
62.4%
Before becoming emperor, Augustus was a consul.???
59.9%
Augustus's birth name was Gaius Caesar Augustus.???
58.8%
Augustus was born in the month of August.???
57.1%
Augustus is mentioned in Virgil's 'Aeneid'.???
55.7%
Augustus led a religious revival while emperor.???
54%
Augustus arranged the assassination of Cicero.???
51.8%
Augustus killed Brutus to avenge Julius Caesar's death.???
51.6%
Augustus was related to Julius Caesar by blood.???
49.6%
Augustus married Mark Antony's sister.???
44.5%
Remove Ads.
Support Sporcle.
Get the best of Sporcle when you Go Orange. This ad-free experience offers more features, more stats, and more fun while also helping to support Sporcle. Thank you for becoming a member.

You're not logged in!

Compare scores with friends on all Sporcle quizzes.
OR
Log In

Show Comments

Extras

Top Quizzes Today


Score Distribution

Your Account Isn't Verified!

In order to create a playlist on Sporcle, you need to verify the email address you used during registration. Go to your Sporcle Settings to finish the process.

Report this User

Report this user for behavior that violates our Community Guidelines.

Details: